| 000 | 00603nam a2200205 i 4500 | ||
|---|---|---|---|
| 001 | 102515 | ||
| 003 | ES-MaACL | ||
| 005 | 20230906183126.0 | ||
| 007 | t| | ||
| 008 | 051111s1944 ag ||||1| spa d | ||
| 100 | 1 |
_aMerezhkovsky, Dmitry Sergeyevich. _980486 |
|
| 245 | 1 | 0 |
_aAtlántida-Europa _b: Atlántida-América / _cDimitry Merejkovsky. |
| 260 |
_aBuenos Aires : _bNova, _c1944. |
||
| 300 |
_a296 p. ; _c22 cm. |
||
| 490 | 1 | _aEl labrador | |
| 700 | 1 |
_aOtero Espasandín, José. _987909 |
|
| 830 | 0 |
_aEl labrador _9232523 |
|
| 852 |
_aES-MaACL _jB-10387 _bR.22007 |
||
| 999 |
_c102515 _d102515 |
||